Z dziejów regionalnej prasy ziębickiej (do 1939 r.)

Titel: Z dziejów regionalnej prasy ziębickiej (do 1939 r.)
Verfasser:
Beteiligt:
In: Litteraria, Band 36 (2007), Seite 113-122
alle Artikel anzeigen
Veröffentlicht: 2007
Format: Aufsatz
Sprache: Polnisch
Kein Bild verfügbar
X
alg: 39468588
001A    $01999:12-11-16 
001B    $01999:30-05-21 $t14:39:21.000 
001C    $06050:19-11-16 $t08:56:44.000 
001D    $01999:12-11-16 
001U    $0utf8 
001X    $00 
002@    $0Aox 
003@    $0394685881 
007A    $0394685881 $aHEB 
007T    $0Herdww042513 
010@    $apol 
011@    $a2007 
021A    $aZ dziejów regionalnej prasy ziębickiej (do 1939 r.) 
028A    $aBiały $dFranciszek 
028B/01 $aBiały $dLucyna 
031A    $d36 $h113-122 $j2007 
037A    $aOd pocz. XIX w.  
039B    $aIn $8--Abvc--. Litteraria. - Wrocław : Wydawn. WTN, 1969-. - ISSN 0084-3008 $x200700000360000887 $9047344253 
045F    $a307.09438 $eDDC23BSB 
045F/01 $a307.09 
045F/03 $g438 
045F/03 $g4385 
045T    $aAVL $qDE-30 $2FID 
045T    $a7,39 $a7,12 

lok: 39468588 78

exp: 39468588 78 1 #EPN
201B/01 $028-07-21 $t00:10:22.000 
201U/01 $0utf8 
203@/01 $0790796384 
208@/01 $a12-11-16 $be 
209A/01 $a/ $f000 $x00 
220C/01 $aTitelaufnehmer: AH 
220C/01 $aHerkunft: PBB/IH PAN;IH UWr 
244Z/01 $2Trx $#Silesia $#Śląsk $#Sliezsko $#Slezsko $8--Trx--Schlesien $x01 $9391173987 
244Z/01 $2Trx $#Poola $#Lenkija $#Polija $#Polen Land $#Poland $#Lengyelország $#Poľsko $#Polsko $8--Trx--Polska$gkraj $x02 $9391345966 
244Z/01 $71080552-7 $8--Tg1--Zie̜bice $x03 $9042230519 
244Z/01 $aGeschichte 1253-1939 $x04 
244Z/01 $2Trx $#ajalehed $#spauda $#Print media $#sajtó $#prasa $#tlač $#tisk $#Zeitungen $#press $#gazety $8--Trx--Presse $x05 $9391383264 
244Z/01 $2Trx $8--Trx--Zeitschriftenaufsatz $x06 $9391384341 
245Z/01 $a13.03 $x01 
245Z/01 $a11.06 $x02 
247C/01 $82080>Marburg/Lahn, Herder-Institut, Forschungsbibliothek, Bibliographieportal $9336309341
LEADER 00000caa a22000002c 4500
001 394685881
003 DE-603
005 20210530143921.0
007 tu
008 161112s2007 xx |||| | u00||u|pol c
035 |a (DE-599)HEB394685881 
040 |a DE-603  |b ger  |c DE-603  |d DE-603 
041 |a pol 
082 0 4 |8 1\u  |a 307.09438  |q DE-101  |2 23/BSB 
084 |a AVL  |q DE-30  |2 fid 
084 |a 7,39  |a 7,12  |2 ssgn 
085 |8 1\u  |b 307.09 
085 |8 1\u  |z 2  |s 438 
085 |8 1\u  |z 2  |s 4385 
100 1 |a Biały, Franciszek 
245 0 0 |a Z dziejów regionalnej prasy ziębickiej (do 1939 r.) 
264 0 |c 2007 
500 |a Od pocz. XIX w. <pol> 
700 1 |a Biały, Lucyna 
773 0 8 |i In  |t Litteraria  |d Wrocław : Wydawn. WTN, 1969-  |x 0084-3008  |g Band 36 (2007), Seite 113-122  |w (DE-603)047344253  |w (DE-600)216021-3 
924 0 |9 2080  |a (DE-603)790796384  |b DE-2080  |c HES  |d d  |g /